| 000 | 00620nam a2200205Ia 4500 | ||
|---|---|---|---|
| 003 | OSt | ||
| 005 | 20220926044324.0 | ||
| 006 | a|||||r|||| 00| 0 | ||
| 007 | ta | ||
| 008 | 220923b |||||||| |||| 00| 0 eng d | ||
| 037 | _cGeneral Book | ||
| 040 |
_aRTL _cRTL _beng |
||
| 041 |
_2eng _aeng |
||
| 082 | _aSigmab4n1,N5, J5 | ||
| 111 |
_aUnited Nations Educational Scientific And Cultural Organization _9348832 |
||
| 245 | 0 | _aInternational register of current research team research in the social sciences | |
| 260 | _c1955 | ||
| 942 |
_hSigmab4n1,N5, J5 _cGB _2CC |
||
| 999 |
_c674530 _d674530 |
||